000 004020000a22001570004500
001 004717
003 MACL
040 _aMACL
090 _c16710
_d16709
245 _aIndia Vision 2020 And Vision Document Of some States
_bReport Of The Committee On India Vision:2020
260 _aAcademic Foundation,
_c2003
350 _a395
650 _aSocial Science
942 _k330
_cBook
951 _o330 Book
999 _c16604
_d16604